Anticipácia počtu novoprijatých študentov a absolventov vysokých škôl do roku 2025
V článku je charakterizovaný vývoj počtu novoprijatých študentov a absolventov vysokých škôl do roku 2025 v dennej aj externej forme štúdia. Východiskom očakávaného vývoja je demografická prognóza referenčných skupín, a školská prognóza absolventov stredných škôl s maturitou. Pre porovnanie výkonov...
Enregistré dans:
| Auteur principal: | |
|---|---|
| Format: | Chapitre de livre |
| Langue: | slovaque |
| Sujets: | |
| Tags: |
Pas de tags, Soyez le premier à ajouter un tag!
|
MARC
| LEADER | 00000naa a2200000 4500 | ||
|---|---|---|---|
| 001 | 0269584 | ||
| 005 | 20201028112307.5 | ||
| 041 | 0 | |a slo | |
| 044 | |a SK | ||
| 245 | 1 | 0 | |a Anticipácia počtu novoprijatých študentov a absolventov vysokých škôl do roku 2025 |c Ján Herich |
| 520 | |a V článku je charakterizovaný vývoj počtu novoprijatých študentov a absolventov vysokých škôl do roku 2025 v dennej aj externej forme štúdia. Východiskom očakávaného vývoja je demografická prognóza referenčných skupín, a školská prognóza absolventov stredných škôl s maturitou. Pre porovnanie výkonov je v závere uvedená prognóza základných a stredných škôl do roku 2025. | ||
| 610 | 2 | 0 | |a školy vysoké |
| 610 | 2 | 0 | |a študenti |
| 610 | 2 | 0 | |a vzdelávanie vysokoškolské |
| 610 | 2 | 0 | |a absolventi |
| 610 | 2 | 0 | |a školy stredné |
| 610 | 2 | 0 | |a školy základné |
| 610 | 2 | 0 | |a prognózy |
| 100 | 1 | |a Herich, Ján | |